000 00486nam a2200205Ia 4500
005 20250425161431.0
008 250425s9999 xx 000 0 und d
020 _a007221340
041 _aeng
082 _a627.1
100 _aFRENCH, RICHARD H.
245 0 _aOPEN-CHANNEL HYDRAULICS
250 _aS.E.
260 _aEstados Unidos
_bMCGRAW HILL
_c1985
260 _aNEW YORK
300 _a705
650 _aHIDRAULICA DE CANALES ABIERTOS
942 _c01
010 _a20180
999 _c209145
_d209145